00465nam a22001452 4500001001100000005001700011008004100028040001500069245014100084250001300225260003900238300001100277650002800288852000300316000001327420151217155856.0090726s xx 000 0 eng d aKABUcKABU10aTea in Kenya :ba short illustrated account of an expanding and progressive industry - the tea industry iof Kenya /cTea Board of Kenya. a1st ed. aNairobi :bKenya Tea Board,c1959. a48 p. 0aTeazKenya.@00001704351